Objetivos y métodos del conocimiento físico /

Breve historia del conocimiento de la física que desemboca en el escenario teórico actual. Se hace una revisión de los teoremas clásicos de aquellos precursores que, desde el siglo XVIII, dieron el impulso que retomaron los grandes físicos del siglo XX.

Enregistré dans:
Détails bibliographiques
Auteur principal: Reichenbach, Hans (autor)
Autres auteurs: García Bacca, Juan David (prólogo) (prólogo), Imaz, Eugenio (traducción) (traducción)
Format: Livre
Langue:espagnol
Publié: México : Fondo de Cultura Económica, 1955, c1955
Collection:(Colección Popular ; 244)
Sujets:
Tags: Ajouter un tag
Pas de tags, Soyez le premier à ajouter un tag!

MARC

LEADER 00000nam^a2200000^a^4500
001 000181874
005 20250521000000.0
009 20260310101946.912
020 |a 968-16-1385-6 
037 |a Acervo ITESO - Biblioteca 
041 |a ESP 
082 |a 121.  |b REI 
100 |a Reichenbach, Hans  |e (autor) 
245 1 0 |a Objetivos y métodos del conocimiento físico /  |c H. Reichenbach ; pról. de J.D. García Bacca ; tr. por E. Imaz. 
264 4 |a México :  |b Fondo de Cultura Económica,  |c 1955, c1955 
300 |a 224 p. 
336 |a texto  |b txt  |2 rdacontenido 
337 |a sin mediación  |b n  |2 rdamedio 
338 |a volumen  |b nc  |2 rdasoporte 
440 1 |a (Colección Popular ;  |v 244) 
520 |a Breve historia del conocimiento de la física que desemboca en el escenario teórico actual. Se hace una revisión de los teoremas clásicos de aquellos precursores que, desde el siglo XVIII, dieron el impulso que retomaron los grandes físicos del siglo XX. 
649 |a XX 
650 |a Lógica Matemática 
650 |a Física -  |x Historia 
650 |a Ciencia -  |x Historia 
650 |a Epistemología 
650 |a Filosofía del Siglo XX 
700 |a García Bacca, Juan David  |e (prólogo) 
700 |a Imaz, Eugenio  |e (traducción) 
910 |a Fondo Armando Suárez Gómez 
920 |a Impresos - Libros 
930 |a Fondos Especiales 
905 |a 111 
901 |a 0700001057  |b IT2  |c ESP  |u 20250521 
902 |a https://opac.biblio.iteso.mx/vufind/Record/000181874